Kontrolná funkcia nákladového účtovníctva v procese riadenia podniku diplomová práca

Salvato in:
Dettagli Bibliografici
Autore principale: Iskrová, Daniela
Ente Autore: Fakulta hospodárskej informatiky EU. Katedra účtovníctva a audítorstva
Altri autori: Antalová, Renáta
Natura: Libro
Lingua:slovacco
Pubblicazione: Bratislava 2009
Tags: Aggiungi Tag
Nessun Tag, puoi essere il primo ad aggiungerne!!

MARC

LEADER 00000nam$a2200000$$$4500
001 0100950
005 20240318134708.9
041 0 |a slo 
044 |a SK 
245 1 0 |a Kontrolná funkcia nákladového účtovníctva v procese riadenia podniku  |b diplomová práca  |c Daniela Iskrová ; škol. Renáta Antalová 
264 1 |a Bratislava  |c 2009 
300 |a 74 s. 
100 1 |a Iskrová, Daniela 
700 1 |a Antalová, Renáta 
710 2 |a Fakulta hospodárskej informatiky EU. Katedra účtovníctva a audítorstva